[Event "Sautron op (Women)"]
[Site "Sautron"]
[Date "2013.05.09"]
[Round "3"]
[White "Marchadour, Claire"]
[Black "Milliet, Sophie"]
[Result "0-1"]
[WhiteElo "2020"]
[BlackElo "2391"]
[PlyCount "43"]
[EventDate "2013.05.08"]
[EventType "swiss"]
[EventRounds "6"]
[EventCountry "FRA"]
[SourceTitle "EXT 2014"]
[Source "ChessBase"]
[SourceDate "2013.11.20"]
[SourceVersion "1"]
[SourceVersionDate "2013.11.20"]
[SourceQuality "1"]

1. e4 c5 2. Nf3 e6 3. d4 cxd4 4. Nxd4 Nc6 5. Nb5 d6 6. Bf4 e5 7. Be3 Nf6 8. Bg5 Be6 9. N1c3 a6 10. Bxf6 gxf6 11. Na3 d5 12. Nxd5 Bxa3 13. bxa3 Qa5+ 14. Qd2 Qxd2+ 15. Kxd2 0-0-0 16. c4 f5 17. f3 Rhg8 18. exf5 Bxd5 19. cxd5 Rxd5+ 20. Ke3 Rc5 21. g4 Rc3+ 22. Kf2 0-1

[Event "Sautron op (Women)"]
[Site "Sautron"]
[Date "2013.05.08"]
[Round "1"]
[White "Marchadour, Claire"]
[Black "Ruhlmann, Anne"]
[Result "1-0"]
[WhiteElo "2020"]
[BlackElo "1400"]
[PlyCount "49"]
[EventDate "2013.05.08"]
[EventType "swiss"]
[EventRounds "6"]
[EventCountry "FRA"]
[SourceTitle "EXT 2014"]
[Source "ChessBase"]
[SourceDate "2013.11.20"]
[SourceVersion "1"]
[SourceVersionDate "2013.11.20"]
[SourceQuality "1"]

1. e4 c5 2. Nf3 a6 3. c3 e6 4. d4 d5 5. dxc5 Bxc5 6. exd5 Nf6 7. Bc4 Qb6 8. Qe2 0-0 9. dxe6 Bxe6 10. Bxe6 fxe6 11. Nbd2 Nbd7 12. 0-0 Rad8 13. Nc4 Qc6 14. Bg5 b5 15. Nce5 Nxe5 16. Nxe5 Qb6 17. b4 Be7 18. Be3 Qc7 19. Bd4 Bd6 20. a4 Nd7 21. Nxd7 Qxd7 22. axb5 axb5 23. Ra7 Qe8 24. Rxg7+ Kh8 25. Re7+ 1-0

[Event "Avoine op 25th"]
[Site "Avoine"]
[Date "2010.07.17"]
[Round "1"]
[White "Mauffrey, Hugues"]
[Black "Marchadour, Claire"]
[Result "1-0"]
[WhiteElo "1911"]
[BlackElo "2072"]
[PlyCount "33"]
[EventDate "2010.07.17"]
[EventType "swiss"]
[EventRounds "9"]
[EventCountry "FRA"]
[SourceTitle "EXT 2011"]
[Source "ChessBase"]
[SourceDate "2010.11.26"]
[SourceVersion "1"]
[SourceVersionDate "2010.11.26"]
[SourceQuality "1"]

1. d4 d5 2. e4 dxe4 3. Nc3 Nf6 4. f3 e6 5. fxe4 Bb4 6. Bd3 Nxe4 7. Nge2 Nxc3 8. bxc3 Bd6 9. 0-0 c5 10. Nf4 Bd7 11. Nxe6 Bxh2+ 12. Kh1 fxe6 13. Qh5+ Ke7 14. Rf7+ Kd6 15. Kxh2 Kc6 16. Rxd7 Kxd7 17. Bb5+ 1-0

[Event "Avoine op 24th"]
[Site "Avoine"]
[Date "2009.07.25"]
[Round "8"]
[White "Marchadour, Claire"]
[Black "Legrand, Thierry"]
[Result "1-0"]
[WhiteElo "2101"]
[BlackElo "1859"]
[PlyCount "41"]
[EventDate "2009.07.18"]
[EventType "swiss"]
[EventRounds "9"]
[EventCountry "FRA"]
[SourceTitle "CBM 131 Extra"]
[Source "ChessBase"]
[SourceDate "2009.09.03"]
[SourceVersion "2"]
[SourceVersionDate "2009.09.16"]
[SourceQuality "1"]

1. e4 d6 2. d4 Nf6 3. Nc3 Nbd7 4. Nf3 e5 5. Bc4 Be7 6. 0-0 c6 7. a4 Rb8 8. h3 0-0 9. Re1 Qc7 10. Be3 b6 11. Qe2 Re8 12. Ng5 Rf8 13. f4 h6 14. Nf3 exf4 15. Bxf4 Nh7 16. e5 d5 17. Bxd5 cxd5 18. Nxd5 Qd8 19. e6 Bb7 20. exf7+ Rxf7 21. Nxe7+ 1-0

[Event "Avoine op 24th"]
[Site "Avoine"]
[Date "2009.07.21"]
[Round "4"]
[White "Stephan, Arthur"]
[Black "Marchadour, Claire"]
[Result "0-1"]
[WhiteElo "1860"]
[BlackElo "2101"]
[PlyCount "50"]
[EventDate "2009.07.18"]
[EventType "swiss"]
[EventRounds "9"]
[EventCountry "FRA"]
[SourceTitle "CBM 131 Extra"]
[Source "ChessBase"]
[SourceDate "2009.09.03"]
[SourceVersion "2"]
[SourceVersionDate "2009.09.16"]
[SourceQuality "1"]

1. e4 c5 2. c3 d5 3. e5 d4 4. Nf3 Nc6 5. Bb5 Qb6 6. Qa4 Bd7 7. Na3 a6 8. e6 fxe6 9. cxd4 cxd4 10. Bxc6 Bxc6 11. Qxd4 Qxd4 12. Nxd4 Bxg2 13. Nxe6 Bxh1 14. Nc7+ Kd7 15. Nxa8 b5 16. Nb6+ Kc7 17. Nbc4 bxc4 18. Nxc4 Bd5 19. d3 Bxc4 20. dxc4 e5 21. Be3 Ne7 22. b4 Nf5 23. c5 Nxe3 24. fxe3 Be7 25. a4 a5 0-1

[Event "Avoine op 24th"]
[Site "Avoine"]
[Date "2009.07.20"]
[Round "2"]
[White "Marchadour, Claire"]
[Black "Saatdjian, Thomas"]
[Result "0-1"]
[WhiteElo "2101"]
[BlackElo "2312"]
[PlyCount "64"]
[EventDate "2009.07.18"]
[EventType "swiss"]
[EventRounds "9"]
[EventCountry "FRA"]
[SourceTitle "CBM 131 Extra"]
[Source "ChessBase"]
[SourceDate "2009.09.03"]
[SourceVersion "2"]
[SourceVersionDate "2009.09.16"]
[SourceQuality "1"]

1. e4 c5 2. Nf3 e6 3. d4 cxd4 4. Nxd4 a6 5. Bd3 Bc5 6. Nb3 Be7 7. c4 d6 8. Nc3 Nd7 9. Qe2 Qc7 10. Be3 Ngf6 11. h3 b6 12. Nd2 Bb7 13. 0-0 Rc8 14. f4 g6 15. Qf2 0-0 16. Be2 Nc5 17. e5 Ne8 18. b4 Nd7 19. Na4 dxe5 20. Nxb6 Nxb6 21. Bxb6 Qb8 22. c5 exf4 23. Nc4 Nf6 24. Rad1 e5 25. Na5 Ne4 26. Qe1 Ng3 27. Nxb7 Qxb7 28. Rf3 Nf5 29. Ra3 Ne3 30. Bf3 e4 31. Be2 Nxd1 32. Bxa6 Qd5 0-1

[Event "FRA-chT1B 0809"]
[Site "France"]
[Date "2009.04.05"]
[Round "11.8"]
[White "Marchadour, Claire"]
[Black "Koulitchenko, Francoise"]
[Result "1-0"]
[WhiteElo "2095"]
[BlackElo "1528"]
[PlyCount "67"]
[EventDate "2008.10.19"]
[EventType "team-tourn"]
[EventRounds "11"]
[EventCountry "FRA"]
[SourceTitle "EXT 2010"]
[Source "ChessBase"]
[SourceDate "2010.11.25"]
[SourceVersion "1"]
[SourceVersionDate "2010.11.25"]
[SourceQuality "1"]
[WhiteTeam "Nantes"]
[BlackTeam "Club 608"]
[WhiteTeamCountry "FRA"]
[BlackTeamCountry "FRA"]

1. e4 e5 2. Nf3 Nc6 3. d4 exd4 4. Nxd4 Nf6 5. Nxc6 bxc6 6. e5 Ne4 7. Be3 d5 8. exd6 cxd6 9. c4 Be7 10. Bd3 Nf6 11. Nc3 0-0 12. Be2 Bb7 13. 0-0 d5 14. cxd5 cxd5 15. Nb5 a5 16. Nd4 Ba6 17. Nc6 Qd7 18. Bxa6 Rxa6 19. Nxe7+ Qxe7 20. Rc1 Qb7 21. b3 a4 22. Bc5 Rc8 23. b4 Ne4 24. Qd4 Nxc5 25. Rxc5 Rxc5 26. Qxc5 Qd7 27. Rc1 h6 28. Qc8+ Qxc8 29. Rxc8+ Kh7 30. Kf1 a3 31. Rc5 Rb6 32. b5 Rd6 33. Ke2 Kg6 34. Rc6 1-0

[Event "FRA-chT2 West 0809"]
[Site "France"]
[Date "2008.10.19"]
[Round "1.2"]
[White "Marchadour, Claire"]
[Black "Moingt, Jean Claude"]
[Result "1/2-1/2"]
[WhiteElo "2078"]
[BlackElo "2285"]
[PlyCount "108"]
[EventDate "2008.10.19"]
[EventType "team-tourn"]
[EventRounds "11"]
[EventCountry "FRA"]
[SourceTitle "EXT 2010"]
[Source "ChessBase"]
[SourceDate "2010.11.25"]
[SourceVersion "1"]
[SourceVersionDate "2010.11.25"]
[SourceQuality "1"]
[WhiteTeam "Nantes II"]
[BlackTeam "Echiquier Bordelais"]
[WhiteTeamCountry "FRA"]
[BlackTeamCountry "FRA"]

1. e4 c5 2. Nf3 Nc6 3. d4 cxd4 4. Nxd4 g6 5. c4 Nf6 6. Nc3 Nxd4 7. Qxd4 d6 8. Be2 Bg7 9. 0-0 0-0 10. Qd1 Be6 11. Be3 a6 12. f3 Nd7 13. Rc1 Qa5 14. Bd4 Bxd4+ 15. Qxd4 Rac8 16. Rfd1 Qc5 17. Qxc5 Rxc5 18. b4 Rc7 19. Nd5 Bxd5 20. cxd5 Rfc8 21. Rxc7 Rxc7 22. Rd2 Kg7 23. Kf2 f5 24. exf5 gxf5 25. Bd3 Kf6 26. f4 Nb6 27. Be2 Rc1 28. g3 Rb1 29. a3 Rb3 30. Ra2 Rc3 31. Bf3 Rd3 32. Ke2 Rb3 33. Kf2 Nc4 34. Re2 Kf7 35. Bh5+ Kf8 36. Rc2 b5 37. Be2 Ne3 38. Rc8+ Kg7 39. Ra8 Rxa3 40. Bxb5 Nxd5 41. Rxa6 Rxa6 42. Bxa6 Nxb4 43. Bb7 Kf6 44. Ke3 e5 45. Kd2 e4 46. Ke3 Nc2+ 47. Kd2 Nd4 48. Ke3 Nf3 49. h3 h5 50. g4 hxg4 51. hxg4 fxg4 52. Bxe4 Nh4 53. Kf2 Nf5 54. Bb7 Ne7 1/2-1/2

[Event "FRA-chT1A 0607"]
[Site "France"]
[Date "2007.02.10"]
[Round "7.8"]
[White "Marchadour, Claire"]
[Black "Marchais, Aurelie"]
[Result "1-0"]
[WhiteElo "2074"]
[BlackElo "1778"]
[PlyCount "97"]
[EventDate "2006.10.15"]
[EventType "team-tourn"]
[EventRounds "11"]
[EventCountry "FRA"]
[SourceTitle "EXT 2008"]
[Source "ChessBase"]
[SourceDate "2007.11.25"]
[SourceVersion "1"]
[SourceVersionDate "2007.11.25"]
[SourceQuality "1"]
[WhiteTeam "Nantes"]
[BlackTeam "Niort"]
[WhiteTeamCountry "FRA"]
[BlackTeamCountry "FRA"]

1. e4 c6 2. d4 d5 3. Nc3 dxe4 4. Nxe4 Bf5 5. Ng3 Bg6 6. h4 h6 7. h5 Bh7 8. f4 e6 9. Nf3 Nd7 10. Bd3 Bxd3 11. Qxd3 Qc7 12. Bd2 0-0-0 13. 0-0-0 Bd6 14. Qe3 Ngf6 15. Ne5 Rhf8 16. Nc4 Nd5 17. Nxd6+ Qxd6 18. Qf2 N7f6 19. a3 Qc7 20. c4 Ne7 21. Bb4 Kb8 22. Rhe1 Rfe8 23. Qf3 Ka8 24. Re5 Nd7 25. Bxe7 Rxe7 26. Re2 Nf6 27. Red2 Red7 28. Ne2 Qa5 29. g4 Ne8 30. b4 Qa6 31. Rc2 Nd6 32. Qb3 b5 33. c5 Ne8 34. Qf3 Nc7 35. g5 Nd5 36. Rd3 Ne7 37. gxh6 gxh6 38. Rcd2 Nf5 39. Qe4 Qc8 40. Nc3 a6 41. a4 Rg8 42. axb5 Rg1+ 43. Kc2 axb5 44. Nxb5 Qb7 45. Ra3+ Kb8 46. Qe5+ Kc8 47. Na7+ Kd8 48. Qh8+ Ke7 49. Nc8+ 1-0